[Event "Trofeo abierto Universidad de Jaen 2025"]
[Site "Maestra, 16 (Palacio de Cultura)"]
[Date "2025.04.05"]
[Round "4.5"]
[White "Barruz Serrano, Antonio Angel"]
[Black "Saez Iniguez, Luis Miguel"]
[Result "1/2-1/2"]
[TimeControl "10' + 5\""]
[WhiteFideId "2287994"]
[BlackFideId "32050798"]
[WhiteElo "1919"]
[BlackElo "1704"]

1. e4 {[%clk 00:09:50]} {[%emt 00:00:19]} c5 {[%clk 00:10:09]} {[%emt
00:00:02]} 2. Nf3 {[%clk 00:09:52]} {[%emt 00:00:03]} g6 {[%clk 00:10:13]}
{[%emt 00:00:02]} 3. c3 {[%clk 00:09:41]} {[%emt 00:00:16]} Bg7 {[%clk
00:10:17]} {[%emt 00:00:01]} 4. d4 {[%clk 00:09:44]} {[%emt 00:00:01]} cxd4
{[%clk 00:10:20]} {[%emt 00:00:01]} 5. cxd4 {[%clk 00:09:48]} {[%emt 00:00:01]}
d6 {[%clk 00:10:24]} 6. Bc4 {[%clk 00:09:17]} {[%emt 00:00:36]} Nf6 {[%clk
00:10:27]} {[%emt 00:00:03]} 7. Nc3 {[%clk 00:09:16]} {[%emt 00:00:06]} O-O
{[%clk 00:10:30]} {[%emt 00:00:02]} 8. h3 {[%clk 00:09:19]} {[%emt 00:00:02]}
Nc6 {[%clk 00:10:20]} {[%emt 00:00:15]} 9. O-O {[%clk 00:08:54]} {[%emt
00:00:29]} e5 {[%clk 00:10:21]} {[%emt 00:00:04]} 10. d5 {[%clk 00:08:29]}
{[%emt 00:00:30]} Ne7 {[%clk 00:10:25]} {[%emt 00:00:01]} 11. Qb3 {[%clk
00:08:14]} {[%emt 00:00:20]} Nd7 {[%clk 00:10:25]} {[%emt 00:00:06]} 12. Bg5
{[%clk 00:07:53]} {[%emt 00:00:26]} h6 {[%clk 00:09:55]} {[%emt 00:00:35]} 13.
Bxe7 {[%clk 00:07:42]} {[%emt 00:00:16]} Qxe7 {[%clk 00:09:58]} {[%emt
00:00:02]} 14. Rac1 {[%clk 00:07:35]} {[%emt 00:00:11]} Nc5 {[%clk 00:09:56]}
{[%emt 00:00:07]} 15. Qc2 {[%clk 00:07:36]} {[%emt 00:00:04]} f5 {[%clk
00:09:57]} {[%emt 00:00:05]} 16. Bd3 {[%clk 00:07:37]} {[%emt 00:00:04]} f4
{[%clk 00:10:01]} {[%emt 00:00:02]} 17. b4 {[%clk 00:07:37]} {[%emt 00:00:05]}
Nxd3 {[%clk 00:09:11]} {[%emt 00:00:55]} 18. Qxd3 {[%clk 00:07:40]} {[%emt
00:00:01]} g5 {[%clk 00:09:12]} {[%emt 00:00:04]} 19. Nb5 {[%clk 00:06:56]}
{[%emt 00:00:49]} g4 {[%clk 00:09:13]} {[%emt 00:00:04]} 20. hxg4 {[%clk
00:06:59]} {[%emt 00:00:02]} Bxg4 {[%clk 00:09:17]} 21. Nh2 {[%clk 00:07:01]}
{[%emt 00:00:03]} Bd7 {[%clk 00:08:33]} {[%emt 00:00:50]} 22. a4 {[%clk
00:07:01]} {[%emt 00:00:05]} Rf6 {[%clk 00:07:44]} {[%emt 00:00:54]} 23. Rfd1
{[%clk 00:04:55]} {[%emt 00:02:11]} Rg6 {[%clk 00:07:38]} {[%emt 00:00:11]} 24.
Rc7 {[%clk 00:04:42]} {[%emt 00:00:19]} Qg5 {[%clk 00:06:40]} {[%emt 00:01:02]}
25. Qf3 {[%clk 00:04:32]} {[%emt 00:00:13]} Bxb5 {[%clk 00:04:58]} {[%emt
00:01:48]} 26. axb5 {[%clk 00:04:34]} {[%emt 00:00:04]} Rb8 {[%clk 00:04:32]}
{[%emt 00:00:31]} 27. Rdc1 {[%clk 00:04:35]} {[%emt 00:00:03]} Qd8 {[%clk
00:03:42]} {[%emt 00:00:54]} 28. Qh5 {[%clk 00:04:12]} {[%emt 00:00:30]} Kh7
{[%clk 00:03:46]} {[%emt 00:00:01]} 29. Nf3 {[%clk 00:03:46]} {[%emt 00:00:31]}
a5 {[%clk 00:03:00]} {[%emt 00:00:51]} 30. bxa5 {[%clk 00:03:41]} {[%emt
00:00:09]} Ra8 {[%clk 00:03:04]} {[%emt 00:00:01]} 31. Nh4 {[%clk 00:03:42]}
{[%emt 00:00:04]} Rg5 {[%clk 00:02:23]} {[%emt 00:00:46]} 32. Qf7 {[%clk
00:03:42]} {[%emt 00:00:05]} Rxa5 {[%clk 00:01:33]} {[%emt 00:00:56]} 33. Nf5
{[%clk 00:03:45]} {[%emt 00:00:02]} Ra2 {[%clk 00:00:08]} {[%emt 00:01:30]} 34.
Nxg7 {[%clk 00:02:33]} {[%emt 00:01:16]} Rxg2+ {[%clk 00:00:12]} {[%emt
00:00:01]} 35. Kxg2 {[%clk 00:02:23]} {[%emt 00:00:15]} Qg5+ {[%clk 00:00:16]}
36. Kf1 {[%clk 00:02:25]} {[%emt 00:00:04]} Rxf2+ {[%clk 00:00:13]} {[%emt
00:00:09]} 37. Kxf2 {[%clk 00:02:27]} {[%emt 00:00:03]} Qg3+ {[%clk 00:00:18]}
38. Ke2 {[%clk 00:02:26]} {[%emt 00:00:06]} Qe3+ {[%clk 00:00:21]} {[%emt
00:00:02]} 39. Kd1 {[%clk 00:02:28]} {[%emt 00:00:02]} Qd3+ {[%clk 00:00:25]}
{[%emt 00:00:02]} 40. Ke1 {[%clk 00:02:32]} {[%emt 00:00:01]} Qe3+ {[%clk
00:00:30]} 1/2-1/2

[Event "Trofeo abierto Universidad de Jaen 2025"]
[Site "Maestra, 16 (Palacio de Cultura)"]
[Date "2025.04.05"]
[Round "4.7"]
[White "Andreu Garcia, Marcelo"]
[Black "Soto Pascual, Alejandro"]
[Result "0-1"]
[TimeControl "10' + 5\""]
[WhiteFideId "523050349"]
[BlackFideId "54547318"]
[WhiteElo "1739"]
[BlackElo "1810"]

1. e4 {[%clk 00:10:04]} {[%emt 00:00:05]} c5 {[%clk 00:10:08]} {[%emt
00:00:03]} 2. Nf3 {[%clk 00:10:05]} {[%emt 00:00:03]} Nc6 {[%clk 00:10:11]}
{[%emt 00:00:03]} 3. d4 {[%clk 00:10:05]} {[%emt 00:00:05]} cxd4 {[%clk
00:10:13]} {[%emt 00:00:03]} 4. Nxd4 {[%clk 00:10:08]} {[%emt 00:00:02]} e5
{[%clk 00:10:16]} {[%emt 00:00:02]} 5. Nxc6 {[%clk 00:08:51]} {[%emt 00:01:23]}
bxc6 {[%clk 00:10:19]} {[%emt 00:00:02]} 6. Bc4 {[%clk 00:08:40]} {[%emt
00:00:16]} Nf6 {[%clk 00:10:21]} {[%emt 00:00:02]} 7. Nc3 {[%clk 00:08:42]}
{[%emt 00:00:03]} Be7 {[%clk 00:10:16]} {[%emt 00:00:11]} 8. O-O {[%clk
00:08:37]} {[%emt 00:00:09]} Bb7 {[%clk 00:10:15]} {[%emt 00:00:07]} 9. Qe2
{[%clk 00:08:29]} {[%emt 00:00:12]} O-O {[%clk 00:10:16]} {[%emt 00:00:05]} 10.
Rd1 {[%clk 00:08:17]} {[%emt 00:00:18]} Qc7 {[%clk 00:10:02]} {[%emt 00:00:18]}
11. a3 {[%clk 00:07:57]} {[%emt 00:00:25]} Rad8 {[%clk 00:10:04]} {[%emt
00:00:03]} 12. Be3 {[%clk 00:07:58]} {[%emt 00:00:03]} a5 {[%clk 00:09:56]}
{[%emt 00:00:14]} 13. f3 {[%clk 00:07:40]} {[%emt 00:00:23]} d5 {[%clk
00:09:20]} {[%emt 00:00:40]} 14. exd5 {[%clk 00:07:15]} {[%emt 00:00:30]} cxd5
{[%clk 00:09:24]} {[%emt 00:00:02]} 15. Nb5 {[%clk 00:06:31]} {[%emt 00:00:50]}
Qxc4 {[%clk 00:09:20]} {[%emt 00:00:08]} 16. Qxc4 {[%clk 00:06:10]} {[%emt
00:00:26]} dxc4 {[%clk 00:09:24]} {[%emt 00:00:02]} 17. Bb6 {[%clk 00:05:59]}
{[%emt 00:00:17]} Rd5 {[%clk 00:07:38]} {[%emt 00:01:51]} 18. Nc3 {[%clk
00:05:56]} {[%emt 00:00:08]} Bc5+ {[%clk 00:06:42]} {[%emt 00:01:01]} 19. Bxc5
{[%clk 00:05:47]} {[%emt 00:00:13]} Rxc5 {[%clk 00:06:46]} 20. Rd6 {[%clk
00:05:26]} {[%emt 00:00:26]} h6 {[%clk 00:06:13]} {[%emt 00:00:39]} 21. Rad1
{[%clk 00:05:28]} {[%emt 00:00:03]} Rcc8 {[%clk 00:06:16]} {[%emt 00:00:02]} 22.
Rb6 {[%clk 00:05:14]} {[%emt 00:00:19]} Bc6 {[%clk 00:05:50]} {[%emt 00:00:31]}
23. Rd6 {[%clk 00:05:14]} {[%emt 00:00:04]} Bd7 {[%clk 00:04:51]} {[%emt
00:01:05]} 24. Ra6 {[%clk 00:04:15]} {[%emt 00:01:04]} Bf5 {[%clk 00:04:11]}
{[%emt 00:00:45]} 25. Rxa5 {[%clk 00:03:52]} {[%emt 00:00:28]} Bxc2 {[%clk
00:04:14]} {[%emt 00:00:02]} 26. Rxe5 {[%clk 00:03:54]} {[%emt 00:00:03]} Rb8
{[%clk 00:03:37]} {[%emt 00:00:42]} 27. Rc6 {[%clk 00:02:45]} {[%emt 00:01:14]}
Bd3 {[%clk 00:03:33]} {[%emt 00:00:09]} 28. Nb5 {[%clk 00:02:39]} {[%emt
00:00:11]} Rfe8 {[%clk 00:02:52]} {[%emt 00:00:46]} 29. Rxe8+ {[%clk 00:02:25]}
{[%emt 00:00:18]} Rxe8 {[%clk 00:02:57]} {[%emt 00:00:01]} 30. Nd6 {[%clk
00:02:28]} {[%emt 00:00:02]} Re6 {[%clk 00:02:44]} {[%emt 00:00:18]} 31. Rc8+
{[%clk 00:02:29]} {[%emt 00:00:04]} Kh7 {[%clk 00:02:48]} {[%emt 00:00:01]} 32.
Nxc4 {[%clk 00:02:15]} {[%emt 00:00:19]} Bxc4 {[%clk 00:02:40]} {[%emt
00:00:13]} 33. Rxc4 {[%clk 00:02:18]} {[%emt 00:00:01]} Rb6 {[%clk 00:02:44]}
{[%emt 00:00:01]} 34. b4 {[%clk 00:02:19]} {[%emt 00:00:04]} Nd5 {[%clk
00:01:58]} {[%emt 00:00:51]} 35. Rd4 {[%clk 00:02:04]} {[%emt 00:00:20]} Nc3
{[%clk 00:01:57]} {[%emt 00:00:06]} 36. Rd3 {[%clk 00:02:04]} {[%emt 00:00:05]}
Na4 {[%clk 00:02:02]} {[%emt 00:00:01]} 37. Rb3 {[%clk 00:02:01]} {[%emt
00:00:07]} Kg6 {[%clk 00:02:06]} {[%emt 00:00:02]} 38. Kf2 {[%clk 00:02:05]}
Kf5 {[%clk 00:02:10]} {[%emt 00:00:01]} 39. Ke3 {[%clk 00:02:09]} Ke5 {[%clk
00:02:14]} {[%emt 00:00:01]} 40. Kd3 {[%clk 00:02:12]} {[%emt 00:00:01]} Kd5
{[%clk 00:02:18]} {[%emt 00:00:01]} 41. g3 {[%clk 00:02:03]} {[%emt 00:00:14]}
g5 {[%clk 00:02:10]} {[%emt 00:00:13]} 42. h3 {[%clk 00:02:05]} {[%emt
00:00:03]} f5 {[%clk 00:02:14]} {[%emt 00:00:02]} 43. Rb1 {[%clk 00:01:41]}
{[%emt 00:00:28]} Rc6 {[%clk 00:02:08]} {[%emt 00:00:11]} 44. Rb3 {[%clk
00:01:33]} {[%emt 00:00:13]} Rc1 {[%clk 00:01:35]} {[%emt 00:00:38]} 45. b5
{[%clk 00:01:35]} {[%emt 00:00:04]} Nc5+ {[%clk 00:01:09]} {[%emt 00:00:31]} 46.
Kd2 {[%clk 00:01:37]} {[%emt 00:00:02]} Nxb3+ {[%clk 00:01:12]} {[%emt
00:00:02]} 0-1

[Event "Trofeo abierto Universidad de Jaen 2025"]
[Site "Maestra, 16 (Palacio de Cultura)"]
[Date "2025.04.05"]
[Round "5.1"]
[White "Diaz Perez, Michel Alejandro"]
[Black "Plazas Sanchez, Ruben"]
[Result "1-0"]
[TimeControl "10' + 5\""]
[WhiteFideId "3517179"]
[BlackFideId "94772851"]
[WhiteElo "2473"]
[BlackElo "1961"]

1. d4 {[%clk 00:10:04]} {[%emt 00:00:06]} f5 {[%clk 00:10:08]} {[%emt
00:00:02]} 2. Nc3 {[%clk 00:10:05]} {[%emt 00:00:05]} Nf6 {[%clk 00:10:11]}
{[%emt 00:00:02]} 3. Bg5 {[%clk 00:10:07]} {[%emt 00:00:02]} e6 {[%clk
00:10:11]} {[%emt 00:00:05]} 4. Nf3 {[%clk 00:10:07]} {[%emt 00:00:05]} Bb4
{[%clk 00:10:14]} {[%emt 00:00:03]} 5. e3 {[%clk 00:09:55]} {[%emt 00:00:17]}
O-O {[%clk 00:10:12]} {[%emt 00:00:07]} 6. Bd3 {[%clk 00:09:56]} {[%emt
00:00:04]} Bxc3+ {[%clk 00:09:16]} {[%emt 00:01:01]} 7. bxc3 {[%clk 00:10:00]}
{[%emt 00:00:01]} h6 {[%clk 00:09:05]} {[%emt 00:00:15]} 8. Bxf6 {[%clk
00:09:40]} {[%emt 00:00:25]} Qxf6 {[%clk 00:09:06]} {[%emt 00:00:03]} 9. Qe2
{[%clk 00:09:40]} {[%emt 00:00:06]} d5 {[%clk 00:08:59]} {[%emt 00:00:12]} 10.
O-O {[%clk 00:09:26]} {[%emt 00:00:19]} Nd7 {[%clk 00:08:49]} {[%emt 00:00:15]}
11. c4 {[%clk 00:09:30]} {[%emt 00:00:02]} c6 {[%clk 00:08:52]} {[%emt
00:00:01]} 12. cxd5 {[%clk 00:09:00]} {[%emt 00:00:34]} exd5 {[%clk 00:08:55]}
{[%emt 00:00:02]} 13. c4 {[%clk 00:09:04]} {[%emt 00:00:01]} dxc4 {[%clk
00:08:17]} {[%emt 00:00:43]} 14. Bxc4+ {[%clk 00:09:08]} {[%emt 00:00:01]} Kh8
{[%clk 00:08:21]} {[%emt 00:00:01]} 15. Bd3 {[%clk 00:08:43]} {[%emt 00:00:30]}
c5 {[%clk 00:08:05]} {[%emt 00:00:21]} 16. Rac1 {[%clk 00:08:24]} {[%emt
00:00:24]} cxd4 {[%clk 00:07:46]} {[%emt 00:00:23]} 17. exd4 {[%clk 00:08:27]}
{[%emt 00:00:02]} Nb6 {[%clk 00:07:34]} {[%emt 00:00:18]} 18. Rfe1 {[%clk
00:07:59]} {[%emt 00:00:33]} Bd7 {[%clk 00:06:35]} {[%emt 00:01:04]} 19. Ne5
{[%clk 00:08:03]} {[%emt 00:00:01]} Be6 {[%clk 00:06:09]} {[%emt 00:00:30]} 20.
Rc7 {[%clk 00:07:47]} {[%emt 00:00:21]} Bd5 {[%clk 00:05:51]} {[%emt 00:00:23]}
21. Qh5 {[%clk 00:07:17]} {[%emt 00:00:35]} Rac8 {[%clk 00:02:38]} {[%emt
00:03:18]} 22. Ng6+ {[%clk 00:06:50]} {[%emt 00:00:32]} Kg8 {[%clk 00:01:03]}
{[%emt 00:01:40]} 23. Ne7+ {[%clk 00:06:44]} {[%emt 00:00:10]} Kh8 {[%clk
00:01:02]} {[%emt 00:00:06]} 24. Nxc8 {[%clk 00:06:46]} {[%emt 00:00:03]} Nxc8
{[%clk 00:00:59]} {[%emt 00:00:07]} 25. Qxf5 {[%clk 00:05:24]} {[%emt
00:01:28]} Qxf5 {[%clk 00:00:37]} {[%emt 00:00:27]} 26. Bxf5 {[%clk 00:05:28]}
{[%emt 00:00:01]} Rxf5 {[%emt 00:00:37]} 1-0

[Event "Trofeo abierto Universidad de Jaen 2025"]
[Site "Maestra, 16 (Palacio de Cultura)"]
[Date "2025.04.05"]
[Round "5.2"]
[White "Cano Padilla, Ruben Jesus"]
[Black "Gutierrez Espinosa, Karen"]
[Result "1/2-1/2"]
[TimeControl "10' + 5\""]
[WhiteFideId "2253526"]
[BlackFideId "3513238"]
[WhiteElo "1974"]
[BlackElo "2033"]

1. e4 {[%clk 00:10:07]} {[%emt 00:00:01]} c5 {[%clk 00:10:09]} {[%emt
00:00:02]} 2. Nf3 {[%clk 00:10:11]} {[%emt 00:00:02]} d6 {[%clk 00:10:11]}
{[%emt 00:00:03]} 3. d4 {[%clk 00:10:14]} {[%emt 00:00:01]} cxd4 {[%clk
00:10:14]} {[%emt 00:00:02]} 4. Nxd4 {[%clk 00:10:17]} {[%emt 00:00:02]} Nf6
{[%clk 00:10:17]} {[%emt 00:00:01]} 5. Nc3 {[%clk 00:10:20]} {[%emt 00:00:02]}
g6 {[%clk 00:10:18]} {[%emt 00:00:03]} 6. Bc4 {[%clk 00:10:12]} {[%emt
00:00:14]} Bg7 {[%clk 00:10:20]} {[%emt 00:00:03]} 7. Bb3 {[%clk 00:10:00]}
{[%emt 00:00:17]} Nc6 {[%clk 00:10:22]} {[%emt 00:00:03]} 8. h3 {[%clk
00:09:55]} {[%emt 00:00:11]} O-O {[%clk 00:09:55]} {[%emt 00:00:32]} 9. Be3
{[%clk 00:09:55]} {[%emt 00:00:05]} Nxd4 {[%clk 00:09:31]} {[%emt 00:00:29]} 10.
Bxd4 {[%clk 00:09:44]} {[%emt 00:00:16]} Be6 {[%clk 00:09:34]} {[%emt
00:00:03]} 11. O-O {[%clk 00:09:14]} {[%emt 00:00:34]} Nd7 {[%clk 00:09:09]}
{[%emt 00:00:30]} 12. Bxg7 {[%clk 00:08:22]} {[%emt 00:00:57]} Kxg7 {[%clk
00:09:13]} {[%emt 00:00:01]} 13. Qd4+ {[%clk 00:08:26]} {[%emt 00:00:01]} Kg8
{[%clk 00:08:42]} {[%emt 00:00:36]} 14. Rad1 {[%clk 00:07:41]} {[%emt
00:00:49]} Nc5 {[%clk 00:07:55]} {[%emt 00:00:52]} 15. e5 {[%clk 00:06:22]}
{[%emt 00:01:24]} Nxb3 {[%clk 00:07:39]} {[%emt 00:00:21]} 16. axb3 {[%clk
00:06:22]} {[%emt 00:00:05]} dxe5 {[%clk 00:07:36]} {[%emt 00:00:09]} 17. Qxe5
{[%clk 00:06:18]} {[%emt 00:00:08]} Qb6 {[%clk 00:06:38]} {[%emt 00:01:03]} 18.
Rd4 {[%clk 00:04:59]} {[%emt 00:01:24]} Rad8 {[%clk 00:05:56]} {[%emt
00:00:47]} 19. Rfd1 {[%clk 00:04:59]} {[%emt 00:00:05]} Rxd4 {[%clk 00:05:48]}
{[%emt 00:00:14]} 20. Rxd4 {[%clk 00:04:32]} {[%emt 00:00:32]} Rd8 {[%clk
00:05:22]} {[%emt 00:00:31]} 21. Ne2 {[%clk 00:02:43]} {[%emt 00:01:54]} Rc8
{[%clk 00:04:00]} {[%emt 00:01:26]} 22. Nc3 {[%clk 00:02:21]} {[%emt 00:00:27]}
Rd8 {[%emt 00:00:22]} 23. Ne2 {[%emt 00:00:12]} Rxd4 {[%emt 00:00:10]} 24. Nxd4
{[%emt 00:00:01]} Qa6 {[%emt 00:00:13]} 25. Nxe6 {[%emt 00:00:07]} fxe6 {[%emt
00:00:02]} 1/2-1/2

[Event "Trofeo abierto Universidad de Jaen 2025"]
[Site "Maestra, 16 (Palacio de Cultura)"]
[Date "2025.04.05"]
[Round "5.3"]
[White "Soto Pascual, Alejandro"]
[Black "Barruz Serrano, Antonio Angel"]
[Result "0-1"]
[TimeControl "10' + 5\""]
[WhiteFideId "54547318"]
[BlackFideId "2287994"]
[WhiteElo "1810"]
[BlackElo "1919"]

1. d4 {[%clk 00:10:08]} {[%emt 00:00:02]} d5 {[%clk 00:10:07]} {[%emt
00:00:03]} 2. Bf4 {[%clk 00:10:06]} {[%emt 00:00:08]} e6 {[%clk 00:09:50]}
{[%emt 00:00:22]} 3. Nd2 {[%clk 00:10:05]} {[%emt 00:00:06]} c5 {[%clk
00:09:53]} {[%emt 00:00:02]} 4. e3 {[%clk 00:10:08]} {[%emt 00:00:02]} Nc6
{[%clk 00:09:57]} {[%emt 00:00:01]} 5. c3 {[%clk 00:10:12]} {[%emt 00:00:01]}
Nf6 {[%clk 00:09:36]} {[%emt 00:00:25]} 6. Ngf3 {[%clk 00:10:11]} {[%emt
00:00:07]} Bd6 {[%clk 00:09:35]} {[%emt 00:00:06]} 7. Bg3 {[%clk 00:10:13]}
{[%emt 00:00:03]} Bxg3 {[%clk 00:09:16]} {[%emt 00:00:24]} 8. hxg3 {[%clk
00:10:17]} {[%emt 00:00:01]} Qd6 {[%clk 00:09:09]} {[%emt 00:00:11]} 9. Qc2
{[%clk 00:10:18]} {[%emt 00:00:03]} Bd7 {[%clk 00:09:08]} {[%emt 00:00:07]} 10.
Be2 {[%clk 00:09:58]} {[%emt 00:00:25]} a6 {[%clk 00:08:43]} {[%emt 00:00:30]}
11. Nb3 {[%clk 00:08:52]} {[%emt 00:01:12]} b6 {[%clk 00:08:33]} {[%emt
00:00:15]} 12. Nbd2 {[%clk 00:07:16]} {[%emt 00:01:41]} h6 {[%clk 00:07:29]}
{[%emt 00:01:08]} 13. e4 {[%clk 00:05:51]} {[%emt 00:01:30]} Qc7 {[%clk
00:07:28]} {[%emt 00:00:06]} 14. a3 {[%clk 00:04:55]} {[%emt 00:01:02]} c4
{[%clk 00:07:00]} {[%emt 00:00:32]} 15. e5 {[%clk 00:04:22]} {[%emt 00:00:38]}
Ng8 {[%clk 00:07:02]} {[%emt 00:00:02]} 16. Nh4 {[%clk 00:04:11]} {[%emt
00:00:17]} Nge7 {[%clk 00:07:02]} {[%emt 00:00:05]} 17. g4 {[%clk 00:03:32]}
{[%emt 00:00:45]} b5 {[%clk 00:06:14]} {[%emt 00:00:52]} 18. f4 {[%clk
00:03:30]} {[%emt 00:00:07]} g5 {[%clk 00:06:06]} {[%emt 00:00:13]} 19. Nhf3
{[%clk 00:02:48]} {[%emt 00:00:46]} gxf4 {[%clk 00:06:08]} {[%emt 00:00:03]} 20.
O-O-O {[%clk 00:02:30]} {[%emt 00:00:24]} O-O-O {[%clk 00:06:10]} {[%emt
00:00:03]} 21. Rh2 {[%clk 00:02:30]} {[%emt 00:00:02]} Rdg8 {[%clk 00:06:00]}
{[%emt 00:00:18]} 22. Ng1 {[%clk 00:01:29]} {[%emt 00:01:06]} Rg7 {[%clk
00:05:24]} {[%emt 00:00:41]} 23. Bf3 {[%clk 00:01:32]} {[%emt 00:00:03]} Rgh7
{[%clk 00:05:23]} {[%emt 00:00:06]} 24. Nh3 {[%clk 00:01:33]} {[%emt 00:00:04]}
Ng6 {[%clk 00:05:26]} {[%emt 00:00:02]} 25. Rdh1 {[%emt 00:00:10]} a5 {[%clk
00:05:14]} {[%emt 00:00:14]} 26. Nf2 {[%clk 00:01:34]} {[%emt 00:00:02]} b4
{[%clk 00:05:14]} {[%emt 00:00:05]} 27. axb4 {[%clk 00:01:28]} {[%emt
00:00:12]} axb4 {[%clk 00:05:17]} {[%emt 00:00:01]} 28. g5 {[%clk 00:01:10]}
{[%emt 00:00:23]} b3 {[%clk 00:05:10]} {[%emt 00:00:12]} 29. Qb1 {[%clk
00:01:06]} {[%emt 00:00:09]} h5 {[%clk 00:04:47]} {[%emt 00:00:27]} 30. Rxh5
{[%clk 00:01:05]} {[%emt 00:00:07]} Rxh5 {[%clk 00:04:47]} {[%emt 00:00:05]} 31.
Rxh5 {[%clk 00:01:09]} Rg8 {[%clk 00:04:36]} {[%emt 00:00:16]} 32. Qa1 {[%clk
00:01:12]} {[%emt 00:00:03]} Kb8 {[%clk 00:04:00]} {[%emt 00:00:40]} 33. Ng4
{[%clk 00:01:03]} {[%emt 00:00:14]} Ncxe5 {[%clk 00:03:38]} {[%emt 00:00:27]}
34. Nf6 {[%clk 00:00:20]} {[%emt 00:00:49]} Nd3+ {[%clk 00:03:38]} {[%emt
00:00:04]} 35. Kd1 {[%clk 00:00:23]} {[%emt 00:00:02]} Rh8 {[%clk 00:03:27]}
{[%emt 00:00:15]} 36. Rxh8+ {[%clk 00:00:10]} {[%emt 00:00:18]} Nxh8 {[%clk
00:03:30]} {[%emt 00:00:02]} 37. Nxd7+ {[%clk 00:00:11]} {[%emt 00:00:04]} Qxd7
{[%clk 00:03:32]} {[%emt 00:00:02]} 38. Qa5 {[%clk 00:00:13]} {[%emt 00:00:04]}
Nxb2+ {[%clk 00:03:21]} {[%emt 00:00:16]} 39. Kc1 {[%clk 00:00:10]} {[%emt
00:00:08]} Nd3+ {[%clk 00:03:21]} {[%emt 00:00:04]} 40. Kb1 {[%clk 00:00:14]}
{[%emt 00:00:02]} Kb7 {[%clk 00:03:15]} {[%emt 00:00:11]} 41. Bh5 {[%clk
00:00:12]} {[%emt 00:00:07]} Ng6 {[%clk 00:03:08]} {[%emt 00:00:12]} 42. Bxg6
{[%clk 00:00:11]} {[%emt 00:00:07]} fxg6 {[%clk 00:03:12]} {[%emt 00:00:01]} 43.
Nf3 {[%clk 00:00:15]} Qc7 {[%clk 00:02:06]} {[%emt 00:01:10]} 44. Qb5+ {[%clk
00:00:19]} {[%emt 00:00:02]} Ka7 {[%clk 00:01:58]} {[%emt 00:00:12]} 45. Qa4+
{[%clk 00:00:20]} {[%emt 00:00:05]} Kb6 {[%clk 00:01:58]} {[%emt 00:00:05]} 46.
Ne5 {[%clk 00:00:10]} {[%emt 00:00:16]} Nxe5 {[%clk 00:01:57]} {[%emt
00:00:05]} 47. dxe5 {[%clk 00:00:14]} {[%emt 00:00:01]} Qxe5 {[%clk 00:01:52]}
{[%emt 00:00:10]} 48. Qb4+ {[%clk 00:00:18]} {[%emt 00:00:01]} Kc6 {[%clk
00:01:53]} {[%emt 00:00:03]} 49. Qa4+ {[%clk 00:00:22]} {[%emt 00:00:02]} Kc7
{[%clk 00:01:56]} {[%emt 00:00:01]} 50. Qa7+ {[%clk 00:00:26]} Kc6 {[%clk
00:01:58]} {[%emt 00:00:04]} 51. Qa6+ {[%clk 00:00:30]} {[%emt 00:00:02]} Kd7
{[%clk 00:02:02]} 52. Qb7+ {[%clk 00:00:33]} {[%emt 00:00:01]} Qc7 {[%clk
00:02:05]} {[%emt 00:00:02]} 53. Qb5+ {[%clk 00:00:37]} {[%emt 00:00:01]} Ke7
{[%clk 00:02:08]} {[%emt 00:00:02]} 54. Qb4+ {[%clk 00:00:34]} {[%emt
00:00:09]} Kf7 {[%clk 00:02:10]} {[%emt 00:00:02]} 0-1